Východiská znaleckej činnosti vo vybranom štáte diplomová práca

Saved in:
Bibliographic Details
Main Author: Šlajferčík, Peter
Corporate Author: Fakulta podnikového manažmentu EU. Katedra podnikovohospodárska
Other Authors: Littvová, Veronika
Format: Book
Language:Slovak
Published: Bratislava 2013
Tags: Add Tag
No Tags, Be the first to tag this record!

MARC

LEADER 00000nbm a2200000 4500
001 0170963
005 20161109102421.4
041 0 |a slo 
044 |a SK 
245 1 0 |a Východiská znaleckej činnosti vo vybranom štáte  |b diplomová práca  |c Peter Šlajferčík ; školiteľ: Veronika Littvová 
264 1 |a Bratislava  |c 2013 
300 |a 70 s. 
100 1 |a Šlajferčík, Peter 
700 1 |a Littvová, Veronika 
710 2 |a Fakulta podnikového manažmentu EU. Katedra podnikovohospodárska